Kraj capitals of the Czech Republic - Statistics

General Stats
  • This quiz has been taken 75 times
  • The average score is 9 of 13
Answers on the Map
Answers color-coded by a green-red scale on the quiz's map according to % correct below.
 
Answer Stats
Answer % Correct
Prague
90%
Karlovy Vary
84%
Pardubice
78%
Ústí nad Labem
76%
Brno
75%
Plzeň
75%
Jihlava
73%
Hradec Králové
71%
Liberec
71%
České Budějovice
67%
Ostrava
63%
Olomouc
59%
Zlín
59%
No matching quizzes found
Score Distribution
Percent of People with Each Score
Percentile by Number Answered
Your Score History
You have not taken this quiz